000 00603nam a2200217Ia 4500
003 OSt
005 20220925215257.0
006 a|||||r|||| 00| 0
007 ta
008 220923b |||||||| |||| 00| 0 eng d
037 _cGeneral Book
040 _aRTL
_cRTL
_beng
041 _2eng
_aeng
082 _aXxNO1k, L3
100 _aKUZNETS S
_9124439
245 0 _aPopulation, Capital and Growth
_b Selected essays
260 _aLondon
_bHeinemann Educational Books
_c1973
300 _a342p
_ccm.
942 _hXxNO1k, L3
_cGB
_2CC
999 _c568324
_d568324